000 01209nam0a22002411 4500
001 rc\1018555
005 20260407133521.0
035 _a(NLR Aleph) 006183468
090 _a6090342
_c6090342
100 _a20041129d1981 |||y0rusy50 ca
101 0 _arus
102 _aRU
105 _ay |||||||||
200 1 _aМетодические указания по определению экономической эффективности внедрения комплексной системы управления качеством строительно-монтажных работ
_fМ-во трансп. стр-ва. Гл. техн. упр., Всесоюз. проект.-технол. ин-т трансп. стр-ва "ВПТИтрансстрой"
_g[Отв. исполн. С.В. Доронин]
210 _aМ.
_cБ. и.
_d1981
215 _a19 с.
_d21
702 1 _aДоронин
_bС.В.
_4570
712 0 2 _aВсесоюзный проектно-технологический институт транспортного строительства
_9492712
_3RU\NLR\AUTH\889997715
801 0 _aRU
_bNLR
_gpsbo
801 1 _aRU
_bELAR
_2rusmarc
852 _aNLR
_j82-4/5641
942 _cBOOK
980 _aNB